00775nam a2200205Ia 4500003000400000008004100004020002300045040000800068100001900076245005700095260002800152300001500180365001100195901002100206902003100227903005800258942001200316952022400328999001700552LDD181029s9999 xx 000 0 und d a8184041209c375.00 cLDD aCampbell, Marc 0aDreamweaver 8 Design and ConstructioncMarc Campbell aNew DelhibShroffc2006 axiv, 295p. b375.00 a3905b29-03-2007 a1397b07-05-2007cFdBBe0 aDiscount-10bReqst by : Moumita Das  2ddccBK 00102ddc4070978949aLDDbLDDl1o006.78 C153Dp062283q2026-01-22r2026-01-22s2026-01-22w2018-11-01yBKzBook lost and paid by Ms. Madhavi Sharma, Assistant Director (Software) SRD Receipt No.3587 Dated 09.03.2026 c78950d78950